| 000 | 00756nam a2200217 a 4500 | ||
|---|---|---|---|
| 001 | 000031395 | ||
| 003 | OSt | ||
| 005 | 20210427093655.0 | ||
| 008 | 110620s1929 dr c 000 | spa d | ||
| 040 |
_aDO-SdBNP _bspa _cBNPHU |
||
| 082 | 4 |
_a551.447097293 _bM958b |
|
| 100 | 1 |
_aMuller, Richard, _d1883- _957812 |
|
| 245 | 1 | 3 |
_aEl baño de Anacaona o los tres ojos de agua =The bath of Anacaona or los tres ojos de agua / _cRichard Muller. |
| 260 |
_aSanto Domingo : _b Montalvo, _c1929. |
||
| 300 |
_a40 p. : _bil., retrs. ; _c22 cm. |
||
| 590 | _aInventariado, 2020/MFF | ||
| 650 | 4 |
_aCuevas _zRepública Dominicana _961717 |
|
| 651 | 4 |
_aEl Baño de Anacaona (República Dominicana) _977107 |
|
| 910 | _aValidado. Control de calidad MFF | ||
| 942 |
_2ddc _cLBS1 |
||
| 999 |
_c30887 _d30887 |
||